История отечественной математики. (ბიბ.ჩანაწერი № 39005)
[ მარტივი ფორმატი ]
| 000 -LEADER | |
|---|---|
| fixed length control field | 00628nam a2200217Ia 4500 |
| 001 - CONTROL NUMBER | |
| control field | 5494 |
| 003 - CONTROL NUMBER IDENTIFIER | |
| control field | GE_BSU |
| 008 - FIXED-LENGTH DATA ELEMENTS--GENERAL INFORMATION | |
| fixed length control field | 181216s||||||||xx |||||||||||||| ||und|| |
| 040 ## - CATALOGING SOURCE | |
| Transcribing agency | GE_BSU |
| 080 ## - UNIVERSAL DECIMAL CLASSIFICATION NUMBER | |
| Universal Decimal Classification number | 510(09) |
| 245 ## - TITLE STATEMENT | |
| Title | История отечественной математики. |
| 245 ## - TITLE STATEMENT | |
| Statement of responsibility, etc. | Гл. ред. И.З. Штокало. |
| 260 ## - PUBLICATION, DISTRIBUTION, ETC. | |
| Place of publication, distribution, etc. | Киев |
| 260 ## - PUBLICATION, DISTRIBUTION, ETC. | |
| Name of publisher, distributor, etc. | Наукова думка |
| 260 ## - PUBLICATION, DISTRIBUTION, ETC. | |
| Date of publication, distribution, etc. | 1967 |
| 300 ## - PHYSICAL DESCRIPTION | |
| Extent | 882 с. 24 см. |
| 653 ## - INDEX TERM--UNCONTROLLED | |
| Uncontrolled term | История отечественной математики. |
| 653 ## - INDEX TERM--UNCONTROLLED | |
| Uncontrolled term | Математика |
| 653 ## - INDEX TERM--UNCONTROLLED | |
| Uncontrolled term | მათემატიკა |
| 942 ## - ADDED ENTRY ELEMENTS (KOHA) | |
| Koha item type | წიგნი |
არაა ხელმისაწვდომი ეგზემპლარები.
